| 000 | 02382cam a22005774i 4500 | ||
|---|---|---|---|
| 003 | PE-LiUPU | ||
| 005 | 20250731180116.0 | ||
| 008 | 180621s2017 pe a rb 000 0 spa d | ||
| 020 | _a6124147912 | ||
| 020 | _a9786124147913 | ||
| 035 | _a(Sirsi) a248990 | ||
| 040 |
_aPE-LiUPU _bspa _cPE-LiUPU _erda |
||
| 049 | _aPRUA | ||
| 082 | 0 | 4 |
_a551.480727 _bM39 _220 |
| 100 | 1 |
_aMejía Marcacuzco, Jesús Abel, _eautor. |
|
| 245 | 1 | 0 |
_aProbabilidad y estadística en hidrología / _cMejía Marcacuzco Jesús Abel. |
| 250 | _aPrimera edición. | ||
| 264 | 1 |
_aLima : _bFondo Editorial - UNALM, _c2017. |
|
| 300 |
_a194 páginas : _bilustraciones ; _c24 centímetros |
||
| 336 |
_atext _2rdacontent |
||
| 337 |
_aunmediated _2rdamedia |
||
| 338 |
_avolume _2rdacarrier |
||
| 504 | _aBibliografía: páginas 193-194. | ||
| 505 | 0 | _aEstadística descriptiva -- Fundamentos de probabilidad -- Variable aleatoria y distribución de probabilidades -- Distribución de variables aleatorias discretas -- Distribución de variables aleatorias continuas -- Distribución de probabilidades para valores extremos -- Intervalos de confianza, pruebas de hipótesis y de ajuste -- Análisis de frecuencias de eventos extremos -- Regresión lineal simple -- Regresión lineal múltiple -- Correlación -- Análisis de series de tiempo -- Modelos estocásticos en hidrología -- Descripción de los modelos matemáticos en hidrología. | |
| 526 | _aSEG44 | ||
| 526 | _aSEG26 | ||
| 526 | _aP159 | ||
| 526 | _aP155 | ||
| 526 | _aP154 | ||
| 526 | _aP153 | ||
| 526 | _aP150 | ||
| 526 | _aP100 | ||
| 526 | _aP31 | ||
| 526 | _aP30 | ||
| 526 | _aP26 | ||
| 526 | _aP25 | ||
| 526 | _aP24 | ||
| 526 | _aP22 | ||
| 526 | _aP15 | ||
| 526 | _aP10 | ||
| 541 | _g001-0000120; | ||
| 650 | 1 | 8 |
_aHidrología _x-Métodos estadísticos. |
| 650 | 0 | 4 |
_aEstadística matemática. _91317 |
| 650 | 0 | 4 | _aProbabilidades (Estadística matemática) |
| 910 |
_adbm _bksl _cksl _d20180621 |
||
| 910 |
_adbm _bsag _csag _d20190415 |
||
| 942 |
_2ddc _cBOOK |
||
| 994 |
_aC0 _bPEPRU |
||
| 596 | _a1 | ||
| 999 |
_a551.480727 M39 _wDEWEY _c28591 _i78860 _f2021-11-9 _g5 _lCCODEBUL1 _mBUL _p10.53 _r0 _sY _tBOOK _u2018-6-21 _xINGENIERIA _PP25 _0COMPRA _1FCOMPRA _o.STAFF. Colección Ingeniería y Arquitectura _d28591 |
||
| 980 |
_81 _gALBERTO SANCHEZ Responsable de Automatización |
||